Normal view
MARC view
- الخدمات المصرفية-البنوك الاسلاميه
Entry Topical Term
001 - CONTROL NUMBER
- control field: 58214
003 - CONTROL NUMBER IDENTIFIER
- control field: JO-AjAnu
005 - DATE AND TIME OF LATEST TRANSACTION
- control field: 20230606083528.0
008 - FIXED-LENGTH DATA ELEMENTS
- fixed length control field: 230606|| aca||aabn | a|a d
040 ## - CATALOGING SOURCE
- Original cataloging agency: JO-AjAnu
- Transcribing agency: JO-AjAnu
150 ## - HEADING--TOPICAL TERM
- Topical term or geographic name entry element: الخدمات المصرفية-البنوك الاسلاميه
670 ## - SOURCE DATA FOUND
- Source citation: Work cat.: (JO-AjAnu)29698: اعداد عمر موفق الرواشده ؛ اشراف محي الدين يعقوب ابو الهول،هشام علي شطناوي, author 58213, اثر المعرفه الرقميه على جودة الخدمه المصرفيه في البنوك الاسلاميه الاردنيه (دراسة حاله) =( A Case Syudy) The Impact of Digital knowledge on the banking service Quality in jordanian islamic bank